书目信息 |
| 题名: |
普通话教程
|
|
| 作者: | 尹建国 主编 | |
| 分册: | ||
| 出版信息: | 北京 高等教育出版社 2008.06 |
|
| 页数: | 341页 | |
| 开本: | 21cm | |
| 丛书名: | ||
| 单 册: | ||
| 中图分类: | H102 | |
| 科图分类: | ||
| 主题词: | 普通话--教材 , 普通话 | |
| 电子资源: | ||
| ISBN: | 978-7-04-024846-3 | |
| 000 | 00938nam0 2200289 450 | |
| 001 | 1245131945 | |
| 005 | 20120108123237.75 | |
| 010 | @a978-7-04-024846-3@dCNY25.00 | |
| 090 | @aH102@byjg | |
| 096 | @aH102@byjg | |
| 100 | @a20080924d2008 em y0chiy50 ea | |
| 101 | 0 | @achi |
| 102 | @aCN@b110000 | |
| 105 | @ab z 000yy | |
| 200 | 1 | @a普通话教程@b专著@f尹建国主编@9pu tong hua jiao cheng |
| 205 | @a2版@b修订版 | |
| 210 | @a北京@c高等教育出版社@d2008.06 | |
| 215 | @a341页@c地图@d21cm@e1光盘 | |
| 300 | @a山东省普通话课程通用 | |
| 307 | @a附光盘:ISRC CN-M02-06-0202-0 | |
| 330 | @a本书共10章,主要包括普通话与普通话水平测试、语音概说、声母、韵母、声调、音节、音变、字词测试指导、朗读指导、说话指导等内容。 | |
| 606 | 0 | @a普通话@j教材 |
| 606 | 0 | @a普通话 |
| 690 | @aH102@v4 | |
| 701 | 0 | @a尹建国@c(语言文字)@4主编@9yin jian guo |
| 801 | 0 | @aCN@b大连网信软件有限公司图书馆·11@c20120108 |
| 905 | @aZUCC@dH102@eY596 | |
| 普通话教程/尹建国主编.-2版,修订版.-北京:高等教育出版社,2008.06 |
| 341页:地图;21cm+1光盘 |
| 山东省普通话课程通用 |
| ISBN 978-7-04-024846-3:CNY25.00 |
| 本书共10章,主要包括普通话与普通话水平测试、语音概说、声母、韵母、声调、音节、音变、字词测试指导、朗读指导、说话指导等内容。 |
| ● |
| 相关链接 |
|
|
|
正题名:普通话教程
索取号:H102/Y596
 
预约/预借
| 序号 | 登录号 | 条形码 | 馆藏地/架位号 | 状态 | 备注 |
| 1 | 480764 | 204807646 | 语言库209/209语言库 70排2列3层/ [索取号:H102/Y596] | 在馆 | |
| 2 | 480765 | 204807655 | 语言库209/209语言库 70排2列3层/ [索取号:H102/Y596] | 在馆 | |
| 3 | 480766 | 204807664 | 语言库209/209语言库 70排2列3层/ [索取号:H102/Y596] | 在馆 |